[Event "SRB-chT"]
[Site "Kragujevac"]
[Date "2016.09.28"]
[Round "7.6"]
[White "Grigoryan, Karen H"]
[Black "Atalik, Suat"]
[Result "1-0"]
[WhiteElo "2544"]
[BlackElo "2544"]
[Annotator "Atalik,S"]
[PlyCount "91"]
[EventDate "2016.09.22"]
[EventType "team-tourn"]
[EventRounds "11"]
[EventCountry "SRB"]
[SourceTitle "CBM 175"]
[Source "ChessBase"]
[SourceDate "2016.11.10"]
[SourceVersion "1"]
[SourceVersionDate "2016.11.10"]
[SourceQuality "1"]
[WhiteTeam "Naftagas"]
[BlackTeam "Sloga Turist"]
[WhiteTeamCountry "SRB"]
[BlackTeamCountry "SRB"]

1. g3 g6 2. Bg2 Bg7 3. Nf3 Nf6 4. O-O O-O 5. c4 c5 6. Nc3 Nc6 7. d4 cxd4 8.
Nxd4 d6 $5 {A prepared line with some new points since GM Melkumyan got his
hands on it.} 9. Nc2 $5 {The positional approach.} (9. Nxc6 bxc6 10. Bxc6 Rb8
$1 (10... Bh3 $6 11. Bxa8 Qxa8 12. f3 Bxf1 13. Kxf1 Rc8 14. Qd3 Qc6 15. Be3 $1
$16) 11. Bg2 (11. Qa4 a5 $1) 11... Qa5 12. Qd2 $1 (12. Nb5 Bb7 13. Bxb7 Rxb7
14. Bd2 Qa6 15. Bc3 Rc8 16. b3 d5 17. Bxf6 Bxf6 18. Qxd5 Bxa1 19. Rxa1 Rbb8 $1
$36) (12. Qa4 Qxa4 13. Nxa4 Ng4 $1 (13... Bd7 $5 14. Nc3 Ng4 15. Nd5 Bxb2 16.
Nxe7+ Kg7 17. Rb1 Bxc1 18. Rfxc1 Rxb1 19. Rxb1 Re8 $132)) (12. Qd3 Bf5) (12.
Qc2 Bf5) 12... Be6 13. b3 Rxb3 14. axb3 Qxa1 15. Nb5 a6 16. Na7 Qb1 $1 (16...
Nd7 $6 17. Nc6 Re8 18. Qc2 $1 (18. Qb4 Bc3 19. Qb7 Bf6 $13) 18... Qc3 19. Qxc3
Bxc3 20. Bg5 f6 21. Be3 $16) 17. Qb4 Qa2 18. Nc6 Re8 19. e4 Nd7 20. Bg5 h6 $1
21. Bxe7 Ne5 22. Nxe5 Bxe5 23. Bxd6 Bxd6 24. Qxd6 Qxb3 25. c5 a5 26. c6 Qc3 27.
c7 Rc8 $11) 9... Be6 10. b3 Qd7 (10... Qc8 11. Re1 $5) 11. Re1 $6 {I am not
keen on this move.} (11. Bb2 Bh3 12. Ne3 Bxg2 13. Kxg2 e6 $1 $13) 11... Rad8 $5
({All I had to do was to check some of Adorjan's games before the game. Black
is OK!} 11... Bh3 12. Bh1 Ng4 13. Bd2 (13. Bb2 Qf5 14. f3 Qxc2 $3 15. Qxc2 Bd4+
16. e3 Nxe3 17. Qf2 Nc2 $19 {is too good to be true.}) 13... Qf5 14. f3 Qc5+
15. e3 Nf6 $44) 12. e4 Bh3 13. Qd2 (13. Bh1 $6 Ng4 14. Bb2 f5 $40) 13... Bxg2
14. Kxg2 a6 (14... h5 $5 15. f3 h4 16. Bb2 Kh7 17. g4) 15. a4 b6 (15... Nh5 $5
16. Rb1 f5 17. exf5 Rxf5 18. Bb2 Rdf8 19. Ne4 Bxb2 20. Rxb2 Nf6 21. f4 Nxe4 22.
Rxe4 e5 23. Ne3 R5f7 24. Nd5 exf4 25. Nxf4 $13) 16. Ba3 Qb7 17. f3 {The
critical position in the game. Black has done whatever he could have so far. I
now believe that it is the time to bring the knight to c5.} Ne8 (17... Nd7 18.
Rab1 Nc5 19. Ne3 (19. b4 Bxc3 20. Qxc3 Nxa4 21. Qb3 b5) 19... a5 20. Nb5 e6 21.
Red1 Qe7 22. Qe2 Rd7 $13) (17... b5 $6 18. cxb5 axb5 19. axb5 (19. Nxb5 d5 20.
e5 Nd7) 19... Na7 20. Nd4 e5 21. Nc6 Nxc6 22. bxc6 Qxc6 23. b4 $16) 18. Rab1
Nc7 19. Nd5 b5 $2 {A very bad move which practically decides the game.} (19...
e6 $1 20. Nxc7 Qxc7 21. Rbd1 Rd7 $14) (19... Ne6 $6 20. Bb2 Bxb2 21. Rxb2 a5
22. b4) (19... Rfe8 $6 20. Bb2 Bxb2 21. Rxb2 $16) 20. Ncb4 $1 {I simply
overlooked this.} Rd7 21. Nxc6 Qxc6 22. cxb5 axb5 23. Rec1 $16 {Now White
grabs the c-file by force.} Qb7 24. a5 (24. Nxc7 Rxc7 25. Rxc7 Qxc7 26. Rc1 Qa7
27. a5 Bd4 28. Rc2 $16) 24... Nxd5 25. exd5 (25. Qxd5 $2 b4) 25... e6 ({
Still playable is} 25... Rc8 $5 26. b4 (26. Rxc8+ Qxc8 27. Rc1 Rc7 28. Rxc7
Qxc7 29. Bb4 h5 $14) 26... Rdc7 27. Rxc7 Rxc7 28. Bb2 Bxb2 29. Rxb2 Rc4 30. Ra2
Qa6 31. Rc2 Qc8 32. Rxc4 bxc4 33. Qc3 Qa6 $16) 26. Rc6 exd5 27. Rbc1 (27. Qxd5
Re8 28. a6 Qa7 29. Qxb5 Rde7 30. Rc2 Re5 31. Qf1 Ra5 32. Bxd6 Rxa6 33. Bc5 Qa8
$44) 27... d4 28. a6 Qa8 $5 {After the first shock wave my tactical awareness
is restored.} (28... Qb8 $6 29. Bxd6 $1 Rxd6 30. a7) 29. Qd3 $1 Qb8 $2 (29...
Re8 30. Qxb5 $16) (29... Re7 30. Bxd6 Re3 31. Qxb5 $18) (29... Rb8 30. Bxd6 Re8
31. Bf4 $16) 30. Bb2 $6 (30. Bxd6 Rxd6 31. a7 Qxa7 32. Rxd6 Ra8 33. Rc2 $16)
30... Qe8 $1 31. Bxd4 (31. Qxb5 $4 d3 (31... Re7) 32. Bxg7 Qe2+ 33. Kg1 Kxg7
$36) 31... Bxd4 32. Qxd4 Qe5 $1 {Stiff resistance is called for, but alas the
position may turn out to be beyond repair.} (32... Qe2+ 33. Qf2 Qe7 34. R1c2
$16) 33. Qxe5 $1 (33. Qb6 Qb2+ 34. R1c2 Qxb3 35. a7 Qa4 36. Rc7 Rxc7 37. Rxc7
Qa2+ 38. Qf2 Qd5 {and it is not clear if the promotion will ever happen.}) (33.
Qf2 d5 34. a7 d4 $132) 33... dxe5 34. Ra1 $1 (34. Rc7 Rd2+ 35. Kh3 Ra2 36. a7
Kg7 37. Rb7 h5 38. Rcc7 Kh6 39. Rxf7 Rxf7 40. Rxf7 b4 41. g4 Kg5 $11) 34... Rb8
$1 35. g4 $1 {Both sides were up to the job so far.} (35. a7 Ra8 36. Rca6 f5
$132) 35... Kg7 {Black has problems with the kingside pawn structure and in my
opinion this is decisive.} (35... Kf8 36. g5 (36. Kf2 Ke7 37. Ke3 f6 (37... b4
38. g5) 38. b4 $18) 36... Ke7 37. Kf2 Ra7 38. Ke3 Rd8 39. Rb6 Rd6 40. Rxd6 Kxd6
41. Ke4 Kc5 42. Kxe5 Kb4 43. Kd5 Kxb3 44. Kc5 b4 45. Kb6 $18) (35... f5 36.
gxf5 gxf5 37. Re6 $1 e4 38. fxe4 fxe4 39. Rxe4 $18) (35... b4 36. Ra5 Re7 37.
g5) 36. h4 (36. g5 b4 37. Kf2 Rd3 38. a7 Ra8 39. Rb6 Rd7 40. Rba6 h6 41. h4
hxg5 42. hxg5 Rd3 43. R1a4 Rxb3 44. Rb6 Ra3 45. Rxa3 bxa3 46. Ra6 $18) 36... h6
(36... f5 37. gxf5 gxf5 38. Re6 $18) 37. h5 (37. g5 $142) 37... b4 38. hxg6 f6
$1 {I thought that I had tricked him but let us see who has the last laugh!} (
38... fxg6 39. Ra5 Re8 40. Kf2 e4 41. f4 $18) 39. Ra5 Kxg6 $4 {With a couple
of minutes on my clock I blundered horribly.} (39... Re7 40. Rd5 Kxg6 41. Kf2
Kg5 42. Ke3 $18 {looks like still cashing in on the point.}) (39... Re8 40. Rb5
$18) 40. Rxe5 $18 Rd3 41. Ree6 Rxb3 (41... Rf8 42. a7 $18) 42. Rxf6+ Kg7 43.
Rg6+ Kf7 44. Rxh6 Kg7 45. Rb6 Rc8 46. Rhc6 1-0

[Event "Moscow"]
[Site "Moscow"]
[Date "1981.04.??"]
[Round "5"]
[White "Andersson, Ulf"]
[Black "Smejkal, Jan"]
[Result "1/2-1/2"]
[WhiteElo "2610"]
[BlackElo "2535"]
[Annotator "Belov,I"]
[PlyCount "46"]
[EventDate "1981.04.08"]
[EventType "tourn"]
[EventRounds "13"]
[EventCountry "URS"]
[EventCategory "15"]
[SourceTitle "MCL"]
[Source "ChessBase"]
[SourceDate "1999.07.01"]
[SourceVersion "1"]
[SourceVersionDate "1999.07.01"]
[SourceQuality "1"]

1. c4 c5 2. Nf3 Nf6 3. g3 g6 4. Bg2 Bg7 5. Nc3 O-O 6. O-O Nc6 7. d3 (7. d4 $142
cxd4 8. Nxd4 Nxd4 9. Qxd4 d6 10. Qd3 $14 {-A39/}) 7... d5 8. cxd5 Nxd5 9. Nxd5
Qxd5 10. Be3 (10. Qa4 Qh5 11. Be3 Bd7 12. Rac1 b6 13. b4 Rad8 $10) (10. a3 Qd6
11. Rb1 c4 $1 12. Bf4 e5 13. Be3 cxd3 14. Ne1 Bf5 $10) 10... Bd7 $5 (10... Bxb2
11. Nd4 (11. Rb1 Bf6 12. Nd4 Qxa2 13. Nxc6 bxc6 14. Rc1 $44) 11... Qd6 $5 12.
Nxc6 Bxa1 13. Qxa1 bxc6 14. Bh6 f6 15. Bxf8 Kxf8 $13 {Reich,Th-Mikhalchishin,A/
Kecskemet/1991/0:1 (39) Inf 52/61/}) (10... Qd6 11. Rc1 Nd4 12. Nd2 Qb6 13. Nc4
Qc7 $10 {Dizdarevic,E-Cseshkovsky,V/Moscow/1985/}) 11. Nd4 (11. d4 cxd4 12.
Nxd4 Qc4 13. Nxc6 Bxc6 $10 {Kochyev,A-Smejkal,J/Leningrad/1977/}) (11. Qd2 Qd6
12. Bh6 Rac8 13. a3 b6 14. Bxg7 Kxg7 15. b4 Nd4 $10 {Geller,E-Karpov,A/Linares/
1983/}) 11... Qd6 12. Nxc6 Bxc6 13. Bxc6 Qxc6 14. Rc1 Qe6 $1 15. Rxc5 (15. Bxc5
Bxb2 (15... b6 16. Ba3 Qxa2 17. Qd2 Rfc8 $10 {Geller,E-Suba,M/Sochi/1977/}) 16.
Rb1 Bf6 17. Rxb7 Qc6 18. Bxe7 Qxb7 19. Bxf6 Qa6 20. Qa1 $13 {Popov,L-Hulak,K/
Moscow/1977/}) 15... Qxa2 16. Rb5 Qa6 $1 (16... a6 $5 17. Rxb7 Rab8 $1 $44) (
16... b6 17. Qa1 Qe6 $1 18. Qa4 Rfc8 $10 {Bagirov,V-Mikhalchishin,A/Tbilisi/
1980/}) 17. Qb3 b6 $10 18. Rb4 Rfb8 19. Rc4 (19. Ra4 Qb7 20. Rfa1 a6 21. Qa2 a5
22. Rc1 Be5 $10 {Ribli,Z-Timman,J/Tilburg/1980/}) 19... Qb7 20. Rfc1 Rc8 21. h4
h5 22. Qb5 (22. Qc2 Rxc4 23. Qxc4 $2 Bxb2) 22... Rxc4 23. Rxc4 a6 (23... a6 24.
Qxb6 Qxb6 25. Bxb6 Bxb2 $10) 1/2-1/2

[Event "Biel MTO op 49th"]
[Site "Biel"]
[Date "2016.08.02"]
[Round "8"]
[White "Henrichs, Thomas"]
[Black "Salem, AR Saleh"]
[Result "1/2-1/2"]
[WhiteElo "2471"]
[BlackElo "2608"]
[Annotator "Besenthal,K"]
[PlyCount "166"]
[EventDate "2016.07.25"]
[EventType "swiss"]
[EventRounds "9"]
[EventCountry "SUI"]
[SourceTitle "CBM 173 Extra"]
[Source "ChessBase"]
[SourceDate "2016.08.29"]
[SourceVersion "1"]
[SourceVersionDate "2016.08.29"]
[SourceQuality "1"]

1. Nf3 c5 2. c4 Nf6 3. g3 Nc6 4. Bg2 d5 5. cxd5 Nxd5 6. Nc3 g6 7. O-O Bg7 8.
Nxd5 Qxd5 9. d3 O-O 10. Be3 Bxb2 11. Rb1 Bf6 12. Nd4 Qxa2 13. Ra1 Qb2 14. Rb1
Qa2 15. Ra1 Qb2 16. Rb1 Qa3 {Diagramm [#] Diese Variante findet man auch in
der Datenbank - die Spieler haben sie nicht am Brett entwickelt.} 17. Nxc6 $1 (
17. Ra1 Qb4 18. Rb1 $6 (18. Nxc6 $1) 18... Nxd4 19. Rxb4 cxb4 20. Bxd4 Bxd4 21.
Qa4 a5 22. Rb1 Bc3 23. Bd5 e6 24. Bc4 Rd8 25. Bb5 Rd5 26. e4 Rxb5 27. Qxb5 a4
28. e5 a3 29. d4 a2 30. Ra1 Bxa1 31. Qe8+ Kg7 32. Qd8 Bd7 33. Qxa8 b3 34. Qd8
b2 35. Qf6+ Kg8 36. Qd8+ Be8 {0-1 (34) Norris,A (2301)-Gormally,D (2504)
Oakham 2000}) 17... bxc6 18. Bxc6 Bh3 19. Bxa8 Bxf1 20. Bb7 {Diagramm [#]
Interessante Idee - Weiß lässt den schwarzen Turm nicht nach c8.} Bh3 21. Qc2
Bd4 22. Bg5 {Der stärkste Zug!} Qa5 23. Bd5 e6 24. Bf3 h5 25. Bd2 Qa3 26. Bc6
Qa6 27. Be4 Bf5 28. Bxf5 exf5 29. e3 Bg7 30. Bc3 Bxc3 31. Qxc3 Rd8 32. Rb3 {
Diagramm [#] Schwarz hat leichten Vorteil, doch entscheidend ist das nicht.}
Qc6 33. h4 Qd5 34. Ra3 Rb8 35. Qa1 $6 {Dies ist allerdings eine empfindliche
Ungenauigkeit.} c4 $1 36. e4 (36. dxc4 $4 Qe4 $19) 36... fxe4 37. dxc4 Qxc4 (
37... Qd2 $1 {war wohl am besten.} 38. Rxa7 $2 {geht dann gar nicht:} Rb2 39.
Qf1 e3) 38. Rxa7 e3 39. Ra8 exf2+ 40. Kxf2 Qc5+ 41. Kf1 Qb5+ 42. Kg1 Qb6+ 43.
Kh2 Qf2+ 44. Kh3 Rxa8 45. Qxa8+ Kg7 46. Qa1+ Kh7 47. Qc1 {Diagramm [#] Für
den eiligen Kommentator ist es kaum zu sagen, ob hier für Schwarz noch etwas
geht. Fest steht nur: Weiß muss für den halben Punkt noch schwer arbeiten!}
Qe2 48. Qf4 Kg8 49. Qd4 Kf8 50. Qd8+ Kg7 51. Qd4+ f6 52. Qa7+ Kg8 53. Qb8+ Kf7
54. Qb7+ Qe7 55. Qf3 Qb4 56. Kg2 Qc4 57. Qe3 Qa2+ 58. Kg1 Qb2 59. Qd3 Qb6+ 60.
Kg2 Qc6+ 61. Kg1 f5 62. Kf2 Qc5+ 63. Kf3 Ke6 64. Qa6+ Qd6 65. Qxd6+ Kxd6 66.
Kf4 Ke6 67. Kf3 Kf7 68. Ke3 Ke7 69. Kf3 Ke6 70. Kf4 Kf6 71. Kf3 g5 72. hxg5+
Kxg5 73. Kf2 h4 74. gxh4+ Kxh4 75. Kf3 Kg5 76. Kg3 f4+ 77. Kf3 Kf5 78. Kf2 Ke4
79. Ke2 f3+ 80. Kf2 Kf4 81. Kf1 Kg3 82. Kg1 f2+ 83. Kf1 Kf3 {Diagramm [#]
Jetzt sind alle Fragen final geklärt.} 1/2-1/2

[Event "Boeblinger op 32nd"]
[Site "Boeblingen"]
[Date "2015.12.27"]
[Round "3"]
[White "Schiendorfer, Emanuel"]
[Black "Feller, Sebastien"]
[Result "1-0"]
[WhiteElo "2339"]
[BlackElo "2623"]
[Annotator "Besenthal,K"]
[PlyCount "105"]
[EventDate "2015.12.26"]
[EventType "swiss"]
[EventRounds "9"]
[EventCountry "GER"]
[SourceTitle "CBM 170 Extra"]
[Source "ChessBase"]
[SourceDate "2016.02.25"]
[SourceVersion "1"]
[SourceVersionDate "2016.02.25"]
[SourceQuality "1"]

1. Nf3 Nf6 2. g3 c5 3. Bg2 Nc6 4. O-O g6 5. c4 Bg7 6. Nc3 O-O 7. d4 cxd4 8.
Nxd4 Qa5 {[#] Weiß lässt jetzt zwei nicht sehr ambitionierte Züge folgen,
nach denen die Initiative auf Schwarz übergeht.} 9. Nc2 d6 10. Bd2 Qh5 11. e4
Ng4 12. h3 Nge5 13. g4 {Weiß wittert eine Chance...} Qh4 14. Ne3 g5 $2 ({
Das sofortige} 14... h5 $1 {war stärker.}) 15. Ne2 ({... und hätte nach dem
unmittelbaren} 15. Be1 {auch etwas besser gestanden.}) 15... h5 16. Be1 ({
Notwendig war passive Verteidigung mit} 16. f3) 16... hxg4 17. f4 Qh7 18. fxe5
gxh3 19. Bf3 Nxe5 {[#] Schwarz hat jetzt die bessere Stellung. Er besitzt drei
Bauern für den Springer und hat im Gegensatz zu Weiß eine sichere
Königsstellung. Und e5 ist natürlich ein riesiges Feld für den Springer.
Unter diesen Bedingungen könnte Schwarz sogar am Damenflügel Angriffschancen
bekommen.} 20. Ng3 Ng6 21. Bc3 Bxc3 22. bxc3 Ne5 23. Kh2 {[#] An dieser Stelle
beginnt die Partie zunächst unmerklich zu kippen. Man kann es vielleicht am
besten so beschreiben: Schwarz macht eine Serie passiver Züge, während Weiß
die Zeit nutzt, um seine Stellung zu verbessern.} Be6 24. Ngf5 f6 25. Bg4 Rfe8
26. Rg1 Bxf5 27. Nxf5 e6 28. Nxd6 Re7 29. Qf1 Qh4 30. Be2 Kg7 (30... g4 {
wäre ein wenig aussichtsreicher gewesen, doch nach} 31. Qf4 {hätte Weiß
ebenfalls klaren Vorteil gehabt.}) 31. Rg3 Rh8 32. Rxh3 Qxh3+ 33. Qxh3 Rxh3+
34. Kxh3 {Das Endspiel mit nur einem Bauern für den Läufer ist für Schwarz
hoffnungslos.} Kg6 35. Kg2 b6 36. Rf1 Rd7 37. Rd1 f5 38. exf5+ exf5 39. Rd5 Re7
40. Bd1 g4 41. Bc2 Kf6 42. Nxf5 Rc7 43. Ne3 Nxc4 44. Nxc4 Rxc4 45. Rd3 b5 46.
Bb3 Re4 47. Rd6+ Kg5 48. Rd5+ Kf4 49. Rd4 a5 50. Bc2 Rxd4 51. cxd4 a4 52. a3 g3
53. Kf1 1-0

[Event "London BBC TV"]
[Site "London"]
[Date "1977.??.??"]
[Round "2"]
[White "Larsen, Bent"]
[Black "Miles, Anthony John"]
[Result "0-1"]
[WhiteElo "2615"]
[BlackElo "2555"]
[Annotator "Bulletin"]
[PlyCount "106"]
[EventDate "1977.??.??"]
[EventType "k.o."]
[EventRounds "3"]
[EventCountry "ENG"]
[SourceTitle "EXT 1999"]
[Source "ChessBase"]
[SourceDate "1998.11.16"]
[SourceVersion "1"]
[SourceVersionDate "1998.11.16"]
[SourceQuality "1"]

1. g3 g6 2. Bg2 Bg7 3. c4 c5 4. Nc3 Nc6 5. d3 Nf6 6. Nf3 d5 7. cxd5 Nxd5 8.
Nxd5 Qxd5 9. O-O O-O 10. Be3 Bd7 11. Qd2 Qd6 12. Bh6 Rac8 13. a3 b6 14. Bxg7
Kxg7 15. b4 Nd4 16. Rfc1 $6 c4 17. Nxd4 Qxd4 18. Qc3 Qxc3 19. Rxc3 cxd3 20.
Rxd3 Ba4 21. Be4 f5 22. Bb7 Rc7 23. Ba6 Rf6 24. b5 Rd6 25. Rxd6 exd6 26. Ra2
Kf6 27. Rd2 Ke6 28. Rd4 Bb3 29. g4 Ke5 30. e3 Bd5 31. h3 Rc1+ 32. Kh2 Be4 33.
gxf5 Rh1+ 34. Kg3 Rg1+ 35. Kh2 (35. Kh4 Bf3 36. fxg6 hxg6 $19) 35... Rg2+ 36.
Kh1 Rxf2+ 37. Kg1 Rxf5 38. Bc8 Rf3 39. Ra4 Rf7 40. Bg4 Bd3 41. Rb4 h5 42. Bc8
Rf1+ (42... Rc7 $142 43. Ba6) 43. Kg2 Rb1 44. Ra4 Rb2+ 45. Kg3 Be4 46. h4 Rg2+
47. Kh3 Rc2 48. Bd7 Re2 49. Rxa7 Rxe3+ 50. Kh2 Kf4 51. Bc6 Re2+ 52. Kg1 Kg3 53.
Rf7 d5 0-1

[Event "RUS-chT2"]
[Site "Podolsk"]
[Date "1993.??.??"]
[Round "?"]
[White "Ibragimov, Ildar"]
[Black "Polovodin, Igor A"]
[Result "1/2-1/2"]
[WhiteElo "2540"]
[BlackElo "2445"]
[Annotator "Chekhov,V"]
[PlyCount "69"]
[EventDate "1993.??.??"]
[EventType "team"]
[EventRounds "9"]
[EventCountry "RUS"]
[SourceTitle "CBM 038"]
[Source "ChessBase"]
[SourceDate "1994.02.01"]
[SourceVersion "1"]
[SourceVersionDate "1994.02.01"]
[SourceQuality "1"]

1. c4 Nf6 2. Nc3 c5 3. Nf3 d5 4. cxd5 Nxd5 5. g3 Nc6 6. Bg2 g6 7. O-O (7. Qa4
Bg7 8. Ng5 e6 9. Nge4 Nb6 10. Qb5 c4 11. Na4 O-O 12. Nxb6 axb6 13. Qxc4 e5 14.
d3 Be6 15. Bg5 Qb8 $1 16. Qc1 Nd4 17. Nc3 Rc8 $44 {Petrosian,A-Piesina,G SSSR
1979/}) 7... Bg7 8. Nxd5 Qxd5 9. d3 O-O 10. Qa4 $5 $146 (10. Be3 Bxb2 $5 (10...
Bd7 11. Nd4 Qd6 12. Nxc6 Bxc6 13. Bxc6 Qxc6 14. Rc1 Qe6 15. Rxc5 Qxa2 16. Rb5
Qa6 $1 17. Rb4 b6 18. Qb3 Rfb8 19. Ra4 Qb7 20. Rfa1 a6 21. Qa2 a5 22. Rc1 Be5
23. Re4 {1/2:1/2Ribi,Z-Timman,J Tilburg 1980/}) 11. Nd4 Qd6 $1 12. Nxc6 Bxa1
13. Qxa1 bxc6 14. Bh6 f6 15. Bxf8 Kxf8 16. Rc1 Rb8 17. Qc3 Bg4 18. Bf1 Rb5 19.
Qa3 Qb8 $1 $132 {Reich,T-Mikalchishin,A Kecskemet 1991/}) 10... Nd4 (10... h6
11. Qh4 g5 $2 12. Bxg5 hxg5 13. Nxg5 Qf5 14. Be4 $18) (10... Bd7 11. Qh4 $36)
11. Nxd4 Qxd4 12. Qxd4 Bxd4 (12... cxd4 13. Bg5 $1 {/\ Rfc1+/-/}) 13. Bh6 Rd8 (
13... Bxb2 14. Bxf8 Bxa1 15. Bxe7 Bd4 16. e3 $18) 14. Rac1 Be6 (14... Bxb2 $6
15. Rxc5 $14) 15. b3 Bd5 16. e3 Bxg2 17. Kxg2 Bf6 18. Rxc5 Rxd3 19. Rfc1 $16
Rdd8 (19... Rad8 20. Rc7 $1) (19... e6 20. Rc8+ Rd8 21. Rxa8 Rxa8 22. Rc7 $16)
20. Rc7 Rab8 21. f4 e6 22. R1c2 $6 (22. Kf3 $1 Rd2 23. Rc8+ Rd8 24. Rxb8 Rxb8
25. Rc7 $16) 22... Rd3 23. e4 (23. Rc8+ $5 Rxc8 24. Rxc8+ Rd8 25. Rc7 Bg7 26.
Bxg7 Kxg7 27. a4 Rd2+ 28. Kh3 b6 29. Rxa7 Rb2 $11) 23... Bd8 $1 24. R7c4 f6 25.
e5 Rd7 26. exf6 Bxf6 27. Kf3 Kf7 28. h4 Rbd8 29. Kg4 Rd3 30. Rc7+ R8d7 31. Rc8
Bg7 $1 $11 32. Bxg7 Kxg7 33. R2c7 h5+ 34. Kh3 a6 35. Rxd7+ 1/2-1/2

[Event "FIDE-Wch k.o."]
[Site "Groningen"]
[Date "1997.12.12"]
[Round "2.2"]
[White "Akopian, Vladimir Eduardovic"]
[Black "Luther, Thomas"]
[Result "1-0"]
[WhiteElo "2660"]
[BlackElo "2525"]
[Annotator "ChessBase"]
[PlyCount "99"]
[EventDate "1997.12.09"]
[EventType "k.o."]
[EventRounds "7"]
[EventCountry "NED"]
[SourceTitle "CBM 063"]
[Source "ChessBase"]
[SourceDate "1998.03.26"]
[SourceVersion "1"]
[SourceVersionDate "1998.03.26"]
[SourceQuality "1"]

1. c4 c5 2. Nf3 Nf6 3. Nc3 Nc6 4. g3 g6 5. Bg2 Bg7 6. d4 cxd4 7. Nxd4 O-O 8.
O-O d6 9. Nc2 h5 $5 {Luthers Idee, die er bereits gegen Glek n Asti 1997
angewendet hat.} 10. Bg5 Be6 11. b3 h4 $5 12. gxh4 (12. Bxh4 $2 Nh7 $19 13. Z0
(13. Z0 g5) 13... Bxc3) (12. Rc1 $6 hxg3 13. hxg3 Qa5 14. Bd2 Qh5) 12... Nh5
13. Qe1 $1 {Bereitet ein aussichtsreiches Qualitätsopfer vor,} (13. Ne4 $6 Bxa1
14. Qxa1 f6 15. Be3 Ng7 16. Ng3 Rc8 17. Rd1 Kf7 $1 18. Ne1 Rh8 $15 {
Glek-Luther/Asti/1997/0-1/46/}) (13. Bd2 Bf6 $13) (13. Qd3 $5 {Luther} Ne5 (
13... Bf5) (13... Qa5)) 13... Qa5 (13... Qd7 14. Rd1 Bh3 15. f3 Bxg2 16. Kxg2
$14) 14. Nd5 (14. Bd2 Nf4 $13 15. Nd5 $140 $2 Nxg2) 14... Bxd5 (14... Bxa1 15.
Nxe7+ Kh7 16. Qxa1 $16) 15. cxd5 Bxa1 (15... Bc3 $2 16. b4 $1) 16. Qxa1 (16.
dxc6 Bc3 17. b4 Qe5 $13 {Luther}) 16... Nb8 17. Ne3 f6 18. Nc4 (18. Bh6 Rf7 19.
Bh3 f5 $13) 18... Qd8 19. Bd2 Nd7 20. f4 f5 21. e4 Ndf6 (21... b5 22. Na5 fxe4
23. Bxe4 Nhf6 24. Bg2 Z0 25. Nc6 $16) 22. e5 dxe5 23. Qxe5 b5 $5 {[%csl Rc6]}
24. Na5 Qb6+ 25. Kh1 Ng4 26. Qe1 Rae8 $2 (26... Rfe8 $142 27. Nc6 Kg7 $1 (27...
Rac8 28. Nxe7+ Rxe7 29. Qxe7 Nf2+ 30. Rxf2 Qxf2 31. Qe6+ Kh7 32. Qd7+ Ng7 33.
Qxc8 Qxd2 34. Qc5 a6 $14) 28. Nxe7 Kh6 29. d6 Qxd6 30. Bb4 Qb6 31. Bxa8 Rxa8
32. Ba5 Qb7+ 33. Kg1 $13 {Luther}) 27. Nc6 Kh7 28. h3 Ngf6 29. Kh2 Qc7 30. Ba5
$2 (30. Qe5 $1) 30... Qd7 31. Ne5 Qc8 32. Bb4 Ne4 33. Qe3 Qc2 34. Rc1 Qxa2 35.
Rc7 Rg8 $2 (35... Nhf6 $1 $15 36. Qd4 (36. Rxa7 Nxd5 37. Qd4 Qxb3 $19) 36...
Qxb3 37. Bxe7 Qg3+ 38. Kg1 Rc8 (38... Rxe7 $5 39. Rxe7+ Kh6 40. Rxa7 Rc8 41.
Nf7+ Kh5 $15) 39. d6 Rxc7 40. dxc7 Rc8 41. Bxf6 Nxf6 $15 {Luther}) 36. Rxa7 Qb1
37. d6 $1 {Der d-Freibauer gewinnt die Partie.} Nhg3 38. d7 Ra8 39. d8=Q (39.
Rxa8 $142 $1 Rxa8 40. Qb6 $18 {[%cal Gb6d8,Gb6g6]}) 39... Rgxd8 40. Qb6 $1 $138
{[%cal Gb6g6]} (40. Rxe7+ $2 Kg8 41. Qb6 $2 Nf1+ 42. Bxf1 Ra2+ 43. Kg1 Qxf1+
44. Kxf1 Ng3+ 45. Kg1 Rd1+ 46. Be1 Rxe1#) 40... Rg8 41. Rxe7+ (41. Rxa8 $2 Nf1+
42. Bxf1 Qxf1 43. Rxg8 Qe2+ 44. Kg1 Qd1+ 45. Kg2 Qe2+ 46. Kg1 Qd1+ $11) 41...
Kh6 42. Qb7 $1 {[%csl Rh7]} Rh8 43. Nf7+ Kh5 44. Nxh8 Nf1+ 45. Bxf1 Ra2+ 46.
Kg1 Kxh4 47. Rxe4 Qxe4 48. Qh7+ Kg3 49. Qxg6+ Kxf4 50. Bd2+ (50. Bd2+ Rxd2 51.
Qh6+ Kg3 52. Qxd2 $18) 1-0